Riconosci il Pokémon - Quiz n°763 - Statistics

Statistiche generali
  • Questo quiz è stato fatto 1 volte
  • Il punteggio medio è 10 su 10
Statistiche sulle risposte
Indizio Riposta % Corretto
Altezza 0,6 m
100%
Peso 12,0 kg
100%
Tasso di cattura 3 (1.6%)
100%
Sesso 87.5% ♂, 12.5% ♀
100%
Stadio evoluzione Forma Base
100%
Abilità Foza Interiore
100%
Pokémon Kubfu
100%
Tasso di allevamento Lento
100%
Tipo Lotta
100%
Generazione Ottava
100%
Nessun quiz corrispondente trovato
Distribuzione punteggi
Percentuale di utenti per punteggio
Percentile per numero di risposta
I tuoi punteggi nel tempo
Non hai fatto questo quiz